Managerial accounting. (4th ed.) (Record no. 82496)
[ view plain ]
| 000 -LEADER | |
|---|---|
| fixed length control field | 01434nam a2200241 a 4500 |
| 008 - FIXED-LENGTH DATA ELEMENTS--GENERAL INFORMATION | |
| fixed length control field | 120416s1976 ||||||||||||||||| || u |
| 020 ## - INTERNATIONAL STANDARD BOOK NUMBER | |
| International Standard Book Number | 0538019301 |
| 050 ## - LIBRARY OF CONGRESS CALL NUMBER | |
| Classification number | HF 5635 Moo |
| 100 ## - MAIN ENTRY--PERSONAL NAME | |
| Personal name | Moore, Carl L |
| 245 10 - TITLE STATEMENT | |
| Title | Managerial accounting. (4th ed.) |
| 250 ## - EDITION STATEMENT | |
| Edition statement | 4th ed. |
| 260 ## - PUBLICATION, DISTRIBUTION, ETC. | |
| Place of publication, distribution, etc. | Cincinnati: |
| Name of publisher, distributor, etc. | South-Western Publishing |
| Date of publication, distribution, etc. | 1976 |
| 300 ## - PHYSICAL DESCRIPTION | |
| Extent | xi, 690p. : ill. |
| 350 ## - | |
| -- | 0.00 |
| 650 #0 - SUBJECT ADDED ENTRY--TOPICAL TERM | |
| Topical term or geographic name entry element | MANAGERIAL ACCOUNTING |
| 650 #0 - SUBJECT ADDED ENTRY--TOPICAL TERM | |
| Topical term or geographic name entry element | ACCOUNTING--HANDBOOKS, MANUALS, ETC |
| 995 ## - | |
| -- | TEXTBOOKS (SB) |
| -- | 0.00 |
| -- | 1773 |
| -- | CBU-SCHOOL TEXTBOOK COLLECTIONS |
| -- | 1 |
| -- | 0.00 |
| -- | SCHOOL TEXTBOOK |
| -- | 8 |
| -- | AVAILABLE |
| -- | Sep 30, 2009 |
| -- | 1773 |
| -- | School Collections |
| 995 ## - | |
| -- | MAIN LIBRARY OPEN ACCESS |
| -- | 0.00 |
| -- | 729200 |
| -- | CBU-MAIN LIBRARY (Kitwe) |
| -- | 1 |
| -- | 10.23 |
| -- | HF 5635 Moo |
| -- | 4 |
| -- | AVAILABLE |
| -- | 021563 |
| -- | Main Library Open Access Collection |
| 995 ## - | |
| -- | ANNEX COLLECTION (Main Library) |
| -- | 0.00 |
| -- | 701764 |
| -- | CBU-MAIN LIBRARY (Kitwe) |
| -- | 3 |
| -- | 10.23 |
| -- | HF 5635 Moo |
| -- | AVAILABLE |
| -- | 006276 |
| -- | Annex Low-Usage Collection |
| 995 ## - | |
| -- | MAIN LIBRARY OPEN ACCESS |
| -- | 0.00 |
| -- | 006277 |
| -- | CBU-MAIN LIBRARY (Kitwe) |
| -- | 4 |
| -- | 10.23 |
| -- | HF 5635 Moo |
| -- | AVAILABLE |
| -- | 006277 |
| -- | Main Library Open Access Collection |
| 995 ## - | |
| -- | BINDERY (DAMAGED) |
| -- | 0.00 |
| -- | 701753 |
| -- | CBU-MAIN LIBRARY (Kitwe) |
| -- | 1 |
| -- | 0.00 |
| -- | HF 5635 Moo |
| -- | DAMAGED |
| -- | Jun 9, 2009 |
| -- | 701753 |
| -- | Main Library Open Access Collection |
| 995 ## - | |
| -- | BINDERY (DAMAGED) |
| -- | 0.00 |
| -- | 701755 |
| -- | CBU-MAIN LIBRARY (Kitwe) |
| -- | 1 |
| -- | 0.00 |
| -- | HF 5635 Moo |
| -- | DAMAGED |
| -- | Jun 9, 2009 |
| -- | 701755 |
| -- | Main Library Open Access Collection |
| 999 ## - | |
| -- | 82496 |
| -- | 82496 |
| Withdrawn status | Lost status | Source of classification or shelving scheme | Damaged status | Not for loan | Permanent Location | Current Location | Shelving location | Date acquired | Total Checkouts | Full call number | Barcode | Date last seen | Copy number | Price effective from | Koha item type |
|---|---|---|---|---|---|---|---|---|---|---|---|---|---|---|---|
| CBU-MAIN LIBRARY, KITWE. | CBU-MAIN LIBRARY, KITWE. | 09/29/2023 | HF 5635 Moo | 021563 | 09/29/2023 | 2 | 09/29/2023 | MONOGRAPH | |||||||
| CBU-MAIN LIBRARY, KITWE. | CBU-MAIN LIBRARY, KITWE. | 09/29/2023 | HF 5635 Moo | 006276 | 09/29/2023 | 3 | 09/29/2023 | MONOGRAPH | |||||||
| CBU-MAIN LIBRARY, KITWE. | CBU-MAIN LIBRARY, KITWE. | 09/29/2023 | HF 5635 Moo | 006277 | 09/29/2023 | 4 | 09/29/2023 | MONOGRAPH | |||||||
| CBU-MAIN LIBRARY, KITWE. | CBU-MAIN LIBRARY, KITWE. | 09/29/2023 | HF 5635 Moo | 701753 | 09/29/2023 | 5 | 09/29/2023 | MONOGRAPH | |||||||
| CBU-MAIN LIBRARY, KITWE. | CBU-MAIN LIBRARY, KITWE. | 09/29/2023 | HF 5635 Moo | 701755 | 09/29/2023 | 6 | 09/29/2023 | MONOGRAPH | |||||||
| CBU-SCHOOL TEXT BOOK COLLECTION | CBU-SCHOOL TEXT BOOK COLLECTION | 09/29/2023 | SCHOOL TEXTBOOK | 1773 | 09/29/2023 | 1 | 09/29/2023 | MONOGRAPH |